00375pab a2200133 454500008004000000100001900040245006800059260000900127300001000136362000900146650003800155700001800193773003000211180718b1987 xxu||||| |||| 00| 0 eng d aGandotra, M.M. aThe multipurpose health worker scheme in GujaratbAn evaluation c1987 a45-54 aDec. aHealth Services - India - Gujarat aGita C. Patel aJournal of Family Welfare